Naruto Villages - Statistics

General Stats
  • This quiz has been taken 39 times
  • The average score is 3 of 5
Answer Stats
Hint Answer % Correct
Fire Konohagakure
100%
Wind Sunagakure
69%
Earth Iwagakure
59%
Lightning Kumogakure
56%
Water Kirigakure
50%
No matching quizzes found
Score Distribution
Percent of People with Each Score
Percentile by Number Answered
Your Score History
You have not taken this quiz